书目信息 |
| 题名: |
我们中的我
|
|
| 作者: | 霍耐特 著 ;张曦 , 孙逸凡 译 | |
| 分册: | ||
| 出版信息: | 南京 译林出版社 2024.09 |
|
| 页数: | 272页 | |
| 开本: | 21cm | |
| 丛书名: | 人文与社会译丛 | |
| 单 册: | ||
| 中图分类: | C91 | |
| 科图分类: | ||
| 主题词: | 社会学--研究 | |
| 电子资源: | ||
| ISBN: | 978-7-5753-0173-2 | |
| 000 | 01093nam0 2200289 450 | |
| 001 | 013095449 | |
| 005 | 20251022160329.97 | |
| 010 | @a978-7-5753-0173-2@dCNY69.00 | |
| 100 | @a20240826d2024 em y0chiy0120 ea | |
| 101 | 1 | @achi@cger |
| 102 | @aCN@b320000 | |
| 105 | @ay z 001yy | |
| 106 | @ar | |
| 200 | 1 | @a我们中的我@9wo men zhong de wo@e承认理论研究@f(德)阿克塞尔·霍耐特(Axel Honneth)著@g张曦,孙逸凡译 |
| 210 | @a南京@c译林出版社@d2024.09 | |
| 215 | @a272页@d21cm | |
| 225 | 0 | @a人文与社会译丛@h第十五批@v148 |
| 330 | @a本书作者霍耐特通过重构黑格尔“为承认而斗争”这一早期思想,丰富并完善了当代正义理论,展现出承认范式在具体社会情境中卓有成效的解释力,及其与社会学、政治哲学、精神分析等诸多学科的当代相关性。 | |
| 461 | 0 | @12001 @a人文与社会译丛 |
| 510 | 1 | @aIch im Wir@eStudien zur Anerkennungstheorie@zger |
| 606 | 0 | @a社会学@x研究 |
| 690 | @aC91@v5 | |
| 701 | 0 | @c(德)@a霍耐特@9huo nai te@c(Honneth, Axel@f1949-)@4著 |
| 702 | 0 | @a张曦@9zhang xi@4译 |
| 702 | 0 | @a孙逸凡@9sun yi fan@4译 |
| 801 | 0 | @aCN@c20250909 |
| 905 | @a河南城建学院图书馆@dC91@eH971@ZH971@f1 | |
| 我们中的我:承认理论研究/(德)阿克塞尔·霍耐特(Axel Honneth)著/张曦,孙逸凡译.-南京:译林出版社,2024.09 |
| 272页;21cm.-(人文与社会译丛.第十五批;148) |
| ISBN 978-7-5753-0173-2:CNY69.00 |
| 本书作者霍耐特通过重构黑格尔“为承认而斗争”这一早期思想,丰富并完善了当代正义理论,展现出承认范式在具体社会情境中卓有成效的解释力,及其与社会学、政治哲学、精神分析等诸多学科的当代相关性。 |
| ● |
| 相关链接 |
|
|
|
正题名:我们中的我
索取号:C91/H971
 
预约/预借
| 序号 | 登录号 | 条形码 | 馆藏地/架位号 | 状态 | 备注 |
| 1 | 1633149 | 216331495 | 社科库509/509社科库 56排1列6层/ [索取号:C91/H971] | 在馆 |